00638nam a22001817a 450000500170000001000150001702000260003203500150005803700140007308200140008710000240010124500560012526000540018127000890023530000440032450000600036870000280042820211006111814.0 aENG-124541 c325.00a9789352807581 a EN-108073 bDBAD/PUB. a320.80954 aChakrabarty, Bidyut aLocal governance in india /cby Bidyut Chakrabarty  aNew DelhibSage Publications India Pvt. Ltd.c201 aB1/I-1, Mohan Cooperative Industrial Area Mathura Road Post Bag 7bNew Delhie110044 axxix,214p., C-1, B-1, I-1p.c25cm.(pbk) aIt includes conclusion, bibliographical notes and index a Pandey, Rajendra Kumar